Assessing productivity impacts of transportation investments /

Bibliographic Details
Main Author: Weisbrod, Glen E. (Glen Elliot) (Author)
Corporate Authors: National Cooperative Highway Research Program (sponsoring body.), American Association of State Highway and Transportation Officials (sponsoring body.), United States. Federal Highway Administration (sponsoring body.)
Format: Book
Language:English
Published: Washington, D.C. : Transportation Research Board, 2014.
Series:Report (National Cooperative Highway Research Program) ; 786.
Subjects:

MARC

Tag First Indicator Second Indicator Subfields
LEADER 00000cam a2200000Ii 4500
001 in00003490021
005 20151206122854.0
008 140919s2014 dcua bt 000 0 eng d
020 |a 9780309284257 
020 |a 0309284252 
035 |a (OCoLC)ocn890945823 
040 |a JCR  |b eng  |e rda  |c JCR  |d TXA  |d UtOrBLW 
049 |a TXAM 
090 |a HE335  |b N277 pt.786 
090 |a TE7  |b .N25 no.786 
100 1 |a Weisbrod, Glen E.  |q (Glen Elliot),  |e author. 
245 1 0 |a Assessing productivity impacts of transportation investments /  |c Glen Weisbrod, Economic Development Research Group, Inc. [and nine others]. 
264 1 |a Washington, D.C. :  |b Transportation Research Board,  |c 2014. 
300 |a 129 pages :  |b illustrations ;  |c 28 cm. 
336 |a text  |b txt  |2 rdacontent 
337 |a unmediated  |b n  |2 rdamedia 
338 |a volume  |b nc  |2 rdacarrier 
490 1 |a NCHRP report,  |x 0077-5614 ;  |v 786 
500 |a At head of title: National Cooperative Highway Research Program. 
536 |a Research sponsored by the American Association of State Highway and Transportation Officials in cooperation with the Federal Highway Administration  |f 02-24 
504 |a Includes bibliographical references (pages 111-113). 
505 0 0 |t Summary --  |t Glossary --  |g chapter 1.  |t Introduction : understanding productivity --  |g chapter 2.  |t Using productivity information to support transportation decisions --  |g chapter 3.  |t Guidance : steps to assess productivity impacts --  |g chapter 4.  |t Case studies : calculation examples --  |g chapter 5.  |t Tools for assessing wider transportation effects --  |t References --  |g appendix A.  |t Further refinements --  |g appendix B.  |t Calculating agglomeration impacts --  |g appendix C.  |t Directions for further research. 
650 0 |a Transportation  |x Capital investments  |x Evaluation. 
650 0 |a Industrial productivity  |x Evaluation. 
650 0 |a Transportation  |x Planning. 
710 2 |a National Research Council (U.S.).  |b Transportation Research Board,  |e issuing body. 
710 2 |a National Cooperative Highway Research Program,  |e sponsoring body. 
710 2 |a American Association of State Highway and Transportation Officials,  |e sponsoring body. 
710 1 |a United States.  |b Federal Highway Administration,  |e sponsoring body. 
830 0 |a Report (National Cooperative Highway Research Program) ;  |v 786. 
948 |a cataloged  |b h  |c 2014/9/23  |d c  |e ceaton  |f 7:29:01 am 
994 |a C0  |b TXA 
999 |a MARS 
999 f f |s 59356a8a-f615-364a-a9d4-8975e1b9b9bf  |i dee6c0ac-0007-398a-94f4-74c2aca34718  |t 0 
952 f f |p normal  |a Texas A&M University  |b College Station  |c Sterling C. Evans Library  |d Evans: Library Stacks  |t 0  |e TE7 .N25 no.786  |h Library of Congress classification  |i unmediated -- volume  |m A14842741515 
998 f f |a TE7 .N25 no.786  |t 0  |l Evans: Library Stacks